| 000 | 00523nam a22001691a 4500 | ||
|---|---|---|---|
| 003 | NEGST | ||
| 005 | 20110718122230.0 | ||
| 008 | 030618s1978 001 0 eng d | ||
| 100 | 1 | _aCover, Robin. | |
| 245 | 1 | 4 |
_aThe use of Hebel in Ecclesiastes / _cRobin Cover. |
| 260 |
_a[S.l.] : _b[s.n.], _c1978. |
||
| 300 | _a93p. | ||
| 500 | _aThesis (M.Th.) Dallas Theological Seminary, 1978. Includes bibliography. | ||
| 590 | _aAccession number: 20681 | ||
| 630 | 0 | 0 |
_aBible. O.T. Ecclesiastes _xLanguage, Style. |
| 999 |
_c11590 _d11590 |
||